LEADER 01378nam--2200397---450- 001 990001909510203316 005 20050607144233.0 010 $a88-452-9237-1 035 $a000190951 035 $aUSA01000190951 035 $a(ALEPH)000190951USA01 035 $a000190951 100 $a20040805h2003----km-y0enga50------ba 101 $aita ; ger 102 $aIT 105 $a||||||||001yy 200 1 $aEnciclopedia filosofica$econ un'appendice sull'attivita didattica di Kant$etesto tedesco a fronte$fImmanuel Kant$gsaggio introduttivo e apparati di Giuseppe Landolfi Petrone$gintroduzione al testo e traduzione di Laura Balbiani 210 $aMilano$cBompiani Testi a fronte$dcopyr. 2003 215 $a275 p.$d21 cm 225 2 $aBompiani Testi a fronte$v76 410 0$12001$aBompiani Testi a fronte$v76 606 0 $aFilosofia$xTeoria 676 $a101 700 1$aKANT,$bImmanuel$048116 702 1$aLANDOLFI PETRONE,$bGiuseppe 702 1$aBALBIANI,$bLaura 801 0$aIT$bsalbc$gISBD 912 $a990001909510203316 951 $aII.1 Coll.75/ 38(IV A COLL 281/76)$b175207 L.M.$cIV A COLL$d00136616 959 $aBK 969 $aUMA 979 $aACQUISTI$b10$c20040805$lUSA01$h1247 979 $aANNASEN$b90$c20050203$lUSA01$h1903 979 $aCOPAT5$b90$c20050607$lUSA01$h1442 996 $aEnciclopedia filosofica$9953066 997 $aUNISA LEADER 02752nam0 22006013i 450 001 VAN0248949 005 20230529024943.536 017 70$2N$a9783030456030 100 $a20220804d2020 |0itac50 ba 101 $aeng 102 $aCH 105 $a|||| ||||| 200 1 $aCritical Point Theory$eSandwich and Linking Systems$fMartin Schechter 210 $aCham$cBirkhäuser$cSpringer$d2020 215 $axxxvi, 320 p.$cill.$d24 cm 500 1$3VAN0248950$aCritical Point Theory : Sandwich and Linking Systems$92902455 606 $a49J40$xVariational inequalities [MSC 2020]$3VANC020068$2MF 606 $a35A15$xVariational methods applied to PDEs [MSC 2020]$3VANC022747$2MF 606 $a58E05$xAbstract critical point theory (Morse theory, Lyusternik-Shnirel'man theory, etc.) in infinite-dimensional spaces [MSC 2020]$3VANC023131$2MF 606 $a70G75$xVariational methods for problems in mechanics [MSC 2020]$3VANC035203$2MF 606 $a35B38$xCritical points of functionals in context of PDEs (e.g., energy functionals) [MSC 2020]$3VANC037108$2MF 610 $aCritical point calculus$9KW:K 610 $aCritical point theory$9KW:K 610 $aCritical point theory applications$9KW:K 610 $aElliptic systems$9KW:K 610 $aHamiltonian systems$9KW:K 610 $aInfinite dimensional linking$9KW:K 610 $aMinimax systems$9KW:K 610 $aMonotonicity$9KW:K 610 $aSaddle point theory$9KW:K 610 $aSandwich pairs$9KW:K 610 $aSandwich sets$9KW:K 610 $aSandwich systems$9KW:K 610 $aSchrödinger equations$9KW:K 610 $aSemilinear differential equations$9KW:K 610 $aSemilinear differential systems$9KW:K 610 $aSemilinear partial differential equations$9KW:K 610 $aSemilinear wave equation$9KW:K 610 $aVariational methods$9KW:K 610 $aVariational methods mathematical physics$9KW:K 610 $aWeak solutions$9KW:K 620 $aCH$dCham$3VANL001889 700 1$aSchechter$bMartin$3VANV036739$013643 712 $aBirkhäuser $3VANV108193$4650 712 $aSpringer $3VANV108073$4650 801 $aIT$bSOL$c20240614$gRICA 856 4 $uhttp://doi.org/10.1007/978-3-030-45603-0$zE-book ? Accesso al full-text attraverso riconoscimento IP di Ateneo, proxy e/o Shibboleth 899 $aBIBLIOTECA DEL DIPARTIMENTO DI MATEMATICA E FISICA$1IT-CE0120$2VAN08 912 $fN 912 $aVAN0248949 950 $aBIBLIOTECA DEL DIPARTIMENTO DI MATEMATICA E FISICA$d08CONS e-book 4607 $e08eMF4607 20220804 996 $aCritical Point Theory : Sandwich and Linking Systems$92902455 997 $aUNICAMPANIA